Chrám sv. Jakuba v Levoči

Salvato in:
Dettagli Bibliografici
Autore principale: Chalupecký, Ivan (Autore)
Natura: Libro
Lingua:slovacco
Pubblicazione: Martin : Osveta, 1991
Edizione:1. vyd.
Soggetti:
Tags: Aggiungi Tag
Nessun Tag, puoi essere il primo ad aggiungerne!!

MARC

LEADER 00000nam a22000003a 4500
001 stu11289
005 20150617225804.8
008 950322s1991----cs------------------slo-d
040 |a STU  |b slo 
041 0 |a slo 
044 |a cs 
100 1 |a Chalupecký, Ivan  |4 aut 
245 1 |a Chrám sv. Jakuba v Levoči 
250 |a 1. vyd. 
260 |a Martin :  |b Osveta,  |c 1991 
300 |a 148 s 
650 7 |a ochrana a obnova pamiatok  |2 stusub 
996 |b 284AU02503  |c A*2059 U  |l AAKNST  |s P  |a 0  |w stu11289_0001